000 00535nam a2200193Ia 4500
003 LDD
008 190117s9999 xx 000 0 und d
020 _c₹75
040 _cLDD
041 _ahi
082 _a8H3.7 य 6925 मे-3
100 _aयशपाल
245 0 _aमेरी तेरी उसकी बात
_cयशपाल
246 _aMeri teri uski batt
250 _aतृतीय
260 _aइलाहाबाद
_bलोकभारती
_c1984
300 _a634प्र.
942 _2ddc
_cH
999 _c167568
_d167568